00838 a2200193 45000010003000000050017000030080041000200030015000610400040000760800022001162450027001380200022001652500011001872640043001983000018002415050240002591000027004998560118005266220260407155406.0260407a2005 arg spa dAR-UNSa-BCEJYS aAR-UNSa-BCEJYSbspacAR-UNSa-BCEJYS a657xContabilidad10aContabilidad elemental a978-987-1140-03-9 a1a. ed 1aBuenos Aires :bOsmar D. Buyattic2005 a171 p.c22 cm a1. Conceptos generales 2. Ecuación básica o educación patrimonial o igualdad patrimonial 3. Métodos de registración contable 4. Cuentas 5. Plan de Cuentas 6. Analisis de cuenta 7. Estados contables 8. Resoluciones Técnicas 1 aLeone, Eduardo César41uhttps://biblioeco.unsa.edu.ar/pmb/images/libros/Contabilidad Elemental-l116948.jpgyImagen de portadaqimage/jpeg